|
|
|
|
| LEADER |
00000nam0a2200000 4500 |
| 001 |
302848 |
| 005 |
20231101005722.0 |
| 035 |
|
|
|a (RuTPU)RU\TPU\book\328065
|
| 035 |
|
|
|a RU\TPU\book\56303
|
| 090 |
|
|
|a 302848
|
| 100 |
|
|
|a 20150827d1969 km y0rusy50 ca
|
| 101 |
0 |
|
|a rus
|
| 102 |
|
|
|a RU
|
| 105 |
|
|
|a a z 001zy
|
| 200 |
1 |
|
|a Реле времени типов ЭВ и РВМ
|f Л. С. Жданов, В. В. Овчинников
|
| 210 |
|
|
|a Москва
|c Энергия
|d 1969
|
| 215 |
|
|
|a 57 с.
|c ил.
|
| 225 |
1 |
|
|a Библиотека электромонтера
|v Вып. 281
|
| 320 |
|
|
|a Библиогр. в конце книги.
|
| 610 |
1 |
|
|a электромагнитные реле
|
| 610 |
1 |
|
|a характеристики
|
| 610 |
1 |
|
|a настройка
|
| 610 |
1 |
|
|a проверка
|
| 610 |
1 |
|
|a эксплуатационное обслуживание
|
| 675 |
|
|
|a 621.318.56
|v 3
|
| 700 |
|
1 |
|a Жданов
|b Л. С.
|g Леонид Сергеевич
|
| 701 |
|
1 |
|a Овчинников
|b В. В.
|g Владимир Васильевич
|
| 801 |
|
1 |
|a RU
|b 63413507
|c 20030623
|g PSBO
|
| 801 |
|
2 |
|a RU
|b 63413507
|c 20150908
|g PSBO
|
| 942 |
|
|
|c BK
|